| 000 | 00672nam a22002291c 4500 | ||
|---|---|---|---|
| 001 | a987688207 | ||
| 008 | 170901s1996 gw |||| 000u ger d | ||
| 020 |
_a3892048002 _93-89204-800-2 |
||
| 041 | _ager | ||
| 100 | 1 | _aBrunner, Georg | |
| 245 | 0 | 0 |
_aNationalitätenprobleme und Minderheitenkonflikte in Osteuropa : _bStrategien für Europa |
| 250 | _aAktualisierte und vollst. überarb. Fassung | ||
| 264 |
_aGütersloh : _bVerl. Bertelsmann-Stiftung, _c1996 |
||
| 300 | _a212 S. | ||
| 650 | 0 | _aNationalitätenfrage | |
| 650 | 0 | _aMinderheitenfrage | |
| 651 | 0 | _aOsteuropa | |
| 651 | 0 | _aSowjetunion | |
| 942 | _cMG | ||
| 040 | _cRU-10907106 | ||
| 003 | RU-10907106 | ||
| 999 |
_c27768 _d27768 |
||